000 00691nam a2200217 a 4500
001 000012553
005 20240412074233.0
008 091113s1984 dr 000 j spa d
040 _aDO-SdBNP
_bspa
_cBNPHU
082 _aRD863.44
_bM516t
100 1 _aMejía Castillo, William Darío
_929259
245 1 3 _aEl taladro del tiempo /
_cWilliam Darío Mejía Castillo.
260 _aSanto Domingo :
_bTaller,
_c1984.
300 _a159 p. ;
_c20 cm.
490 1 _aBiblioteca Taller
_v172
590 _aInventariado, 2019/BT
650 0 _aCuentos dominicanos
_9176
650 0 _aLiteratura dominicana.
_967
830 0 _aBiblioteca Taller
_v172
_9164
910 _aValidado. Control de calidad MFF
999 _c12208
_d12208